[Event "Sao Jose dos Campos op"]
[Site "Sao Jose dos Campos"]
[Date "2021.10.12"]
[Round "7"]
[White "Fernandes, Flavio Roberto Oliv"]
[Black "Moyses Fo, Joao"]
[Result "0-1"]
[WhiteElo "1800"]
[BlackElo "2056"]
[PlyCount "109"]
[EventDate "2021.10.09"]
[EventType "swiss"]
[EventRounds "7"]
[EventCountry "BRA"]
[SourceTitle "CBM 204 Extra"]
[Source "ChessBase"]
[SourceDate "2021.11.30"]
[SourceVersion "1"]
[SourceVersionDate "2021.11.30"]
[SourceQuality "1"]

1. e4 e5 2. Nf3 Nf6 3. Nc3 Nc6 4. Bc4 Bc5 5. d3 d6 6. h3 h6 7. 0-0 Na5 8. Bb3 0-0 9. Na4 Bb6 10. c3 Nxb3 11. axb3 c6 12. Nxb6 Qxb6 13. Be3 c5 14. b4 Qc7 15. Qb3 Be6 16. Qa3 b6 17. c4 Nd7 18. Nd2 a5 19. bxa5 Rxa5 20. Qc3 Rfa8 21. Rxa5 Rxa5 22. b4 Ra2 23. bxc5 dxc5 24. Qb3 Qa7 25. Nb1 f5 26. exf5 Bxf5 27. g4 Be6 28. Nc3 Ra3 29. Qc2 Qb7 30. f3 Qa6 31. Rb1 Bf7 32. Kf2 Bg6 33. Kg3 Qxc4 34. Rc1 Qxd3 35. Qxd3 Bxd3 36. Kf2 Kf7 37. h4 Ke6 38. f4 b5 39. f5+ Kd6 40. Kf3 b4 41. Nd1 e4+ 42. Kf4 c4 43. g5 hxg5+ 44. hxg5 Ke7 45. Bd4 Kf7 46. Ne3 c3 47. Rh1 Nf8 48. Rh8 c2 49. g6+ Nxg6+ 50. fxg6+ Kxg6 51. Nxc2 Bxc2 52. Rg8 Rf3+ 53. Kg4 b3 54. Rb8 Kh7 55. Kg5 0-1

[Event "Sao Jose dos Campos op"]
[Site "Sao Jose dos Campos"]
[Date "2021.10.09"]
[Round "2"]
[White "Kikuchi Cadilhac, Mariana Sawae"]
[Black "Moyses Fo, Joao"]
[Result "1/2-1/2"]
[WhiteElo "1762"]
[BlackElo "2056"]
[PlyCount "108"]
[EventDate "2021.10.09"]
[EventType "swiss"]
[EventRounds "7"]
[EventCountry "BRA"]
[SourceTitle "CBM 204 Extra"]
[Source "ChessBase"]
[SourceDate "2021.11.30"]
[SourceVersion "1"]
[SourceVersionDate "2021.11.30"]
[SourceQuality "1"]

1. e4 e5 2. Nf3 Nf6 3. Nc3 Nc6 4. Bc4 Bc5 5. 0-0 0-0 6. d3 h6 7. h3 d6 8. Na4 Bb6 9. Nxb6 axb6 10. a3 Be6 11. Ba2 Bxa2 12. Rxa2 Nh7 13. Nh2 f5 14. exf5 Rxf5 15. Ng4 Qh4 16. Ne3 Rf7 17. c3 h5 18. Nd5 Raf8 19. b4 Ng5 20. f4 exf4 21. Nxf4 Rxf4 22. Rxf4 Rxf4 23. Bxf4 Qxf4 24. Qxh5 Qf7 25. Qxf7+ Nxf7 26. Kf2 Nfe5 27. Ke3 Kf7 28. Rf2+ Ke7 29. a4 Nd8 30. d4 Nd7 31. Kf4 d5 32. Kg5 Nf6 33. Kg6 Ne6 34. h4 c5 35. dxc5 bxc5 36. bxc5 Nd7 37. Rf7+ Ke8 38. Rxg7 Nef8+ 39. Kh6 Nxc5 40. Rg5 Nxa4 41. Rxd5 Nxc3 42. Rc5 Nd1 43. Rb5 Kf7 44. Rxb7+ Kg8 45. g4 Ne3 46. g5 Ng2 47. h5 Ne3 48. g6 Ne6 49. Rb8+ Nf8 50. Rxf8+ Kxf8 51. Kh7 Nf5 52. h6 Ne7 53. g7+ Kf7 54. Kh8 Ng6+ 1/2-1/2

[Event "Sao Jose dos Campos op"]
[Site "Sao Jose dos Campos"]
[Date "2021.10.09"]
[Round "1"]
[White "Moyses Fo, Joao"]
[Black "Bashtavenko, Aleksey Stanislavov"]
[Result "1-0"]
[WhiteElo "2056"]
[BlackElo "1540"]
[PlyCount "67"]
[EventDate "2021.10.09"]
[EventType "swiss"]
[EventRounds "7"]
[EventCountry "BRA"]
[SourceTitle "CBM 204 Extra"]
[Source "ChessBase"]
[SourceDate "2021.11.30"]
[SourceVersion "1"]
[SourceVersionDate "2021.11.30"]
[SourceQuality "1"]

1. e4 c5 2. f4 d5 3. e5 d4 4. d3 Nc6 5. Nf3 Bg4 6. h3 Bxf3 7. Qxf3 e6 8. g3 Nh6 9. Bg2 Be7 10. 0-0 0-0 11. g4 Bh4 12. Nd2 Kh8 13. Ne4 Be7 14. a3 Ng8 15. Bd2 f6 16. exf6 Nxf6 17. Rae1 Nd5 18. Ng3 Nxf4 19. Bxf4 e5 20. Qe2 exf4 21. Nf5 Rxf5 22. gxf5 Bh4 23. Rc1 Bg3 24. Be4 Qh4 25. Qg4 Qxg4 26. hxg4 Ne5 27. c3 Nxg4 28. cxd4 cxd4 29. Rc7 Rb8 30. Rfc1 h5 31. Rc8+ Rxc8 32. Rxc8+ Kh7 33. f6+ g6 34. f7 1-0

[Event "Sao Paulo Seniors-ch"]
[Site "Sao Paulo"]
[Date "2015.12.13"]
[Round "7"]
[White "Baeta, Marcio Netto"]
[Black "Moyses Fo, Joao"]
[Result "0-1"]
[WhiteElo "1985"]
[BlackElo "2053"]
[PlyCount "44"]
[EventDate "2015.12.10"]
[EventType "swiss"]
[EventRounds "7"]
[EventCountry "BRA"]
[SourceTitle "EXT 2017"]
[Source "ChessBase"]
[SourceDate "2016.10.25"]
[SourceVersion "1"]
[SourceVersionDate "2016.10.25"]
[SourceQuality "1"]

1. c4 f5 2. g3 Nf6 3. Bg2 e6 4. Nc3 c6 5. d4 d5 6. b3 Bb4 7. Bb2 Ne4 8. Bxe4 fxe4 9. e3 0-0 10. Nge2 Nd7 11. Nf4 Nf6 12. h4 g6 13. a3 Ba5 14. Qe2 Bc7 15. f3 exf3 16. Qxf3 dxc4 17. Ne4 cxb3 18. h5 Bxf4 19. gxf4 Nxe4 20. Qxe4 Qa5+ 21. Kf2 Qd2+ 22. Kf1 Qxb2 0-1

[Event "Sao Paulo Freitas Memorial"]
[Site "Sao Paulo"]
[Date "2015.10.10"]
[Round "2"]
[White "Moyses Fo, Joao"]
[Black "De Sousa, Matheus Mazim"]
[Result "0-1"]
[WhiteElo "2092"]
[BlackElo "2129"]
[PlyCount "129"]
[EventDate "2015.10.10"]
[EventType "swiss"]
[EventRounds "6"]
[EventCountry "BRA"]
[SourceTitle "CBM 168 Extra"]
[Source "ChessBase"]
[SourceDate "2015.10.29"]
[SourceVersion "1"]
[SourceVersionDate "2015.10.29"]
[SourceQuality "1"]

1. e4 c5 2. Nf3 Nc6 3. Nc3 g6 4. g3 Bg7 5. Bg2 Nf6 6. 0-0 0-0 7. d3 b6 8. Nh4 e6 9. f4 d5 10. e5 Ne8 11. Nf3 f6 12. Re1 Nc7 13. a4 a6 14. exf6 Bxf6 15. Ne2 b5 16. d4 bxa4 17. Rxa4 Nb5 18. c3 cxd4 19. Nexd4 Ncxd4 20. cxd4 Bd7 21. Ne5 Be8 22. Bh3 Qb6 23. Be3 Na7 24. Ra1 Bb5 25. Bf2 Rfe8 26. Qg4 Bxe5 27. Rxe5 Bd7 28. Rae1 Qd6 29. Rg5 Re7 30. Qe2 Nc6 31. Qc2 Rb8 32. Bf1 a5 33. Qb1 Qb4 34. Bd3 Nxd4 35. Kg2 Nf5 36. h4 Rg7 37. h5 Qxb2 38. Qd1 a4 39. hxg6 hxg6 40. g4 Ne7 41. f5 gxf5 42. Rxg7+ Qxg7 43. Rg1 a3 44. Qa1 Qxa1 45. Rxa1 Rb3 46. Be2 Nc6 47. gxf5 e5 48. Bd1 Rd3 49. Ba4 Nb8 50. Bc2 Rd2 51. Bb3 Bxf5 52. Rxa3 Nd7 53. Kf1 Be6 54. Ba4 Nf6 55. Bd1 Rb2 56. Rf3 Ne4 57. Rb3 Ra2 58. Rb8+ Kf7 59. Be1 Kf6 60. Bh4+ Kf5 61. Bh5 Kf4 62. Rf8+ Ke3 63. Rf3+ Kd4 64. Rf8 Rh2 65. Bf2+ 0-1

[Event "Pan American-ch Seniors 65"]
[Site "Sao Paulo"]
[Date "2014.12.17"]
[Round "1"]
[White "Farias, Sergio Luiz Cardoso"]
[Black "Moyses Fo, Joao"]
[Result "1-0"]
[WhiteElo "1574"]
[BlackElo "2115"]
[PlyCount "107"]
[EventDate "2014.12.17"]
[EventType "swiss"]
[EventRounds "7"]
[EventCountry "BRA"]
[SourceTitle "CBM 164 Extra"]
[Source "ChessBase"]
[SourceDate "2015.03.02"]
[SourceVersion "1"]
[SourceVersionDate "2015.03.02"]
[SourceQuality "1"]

1. c4 e6 2. Nf3 d5 3. d4 Nf6 4. Nc3 c6 5. e3 Nbd7 6. Bd3 Bb4 7. Bd2 0-0 8. Qc2 dxc4 9. Bxc4 Nd5 10. Bd3 h6 11. e4 Nxc3 12. bxc3 Ba3 13. e5 Qe7 14. 0-0 Rd8 15. Bh7+ Kh8 16. Bd3 Nb6 17. Rfe1 c5 18. Re4 c4 19. Bf1 Bd7 20. Rh4 Ba4 21. Qb1 f5 22. exf6 Qxf6 23. Ng5 Qf5 24. Qxf5 exf5 25. Nf7+ Kh7 26. Nxd8 Rxd8 27. Re1 Bd6 28. Re6 Be8 29. Bxh6 gxh6 30. Rhxh6+ Kg7 31. Rxd6 Rc8 32. Rdf6 Bd7 33. Rhg6+ Kh7 34. Rh6+ Kg7 35. Be2 Re8 36. Kf1 Bc6 37. Rhg6+ Kh7 38. Bh5 Rc8 39. Rh6+ Kg7 40. Rfg6+ Kf8 41. Rh8+ Ke7 42. Rh7+ Kf8 43. Rh8+ Ke7 44. Rxc8 Nxc8 45. Bf3 Nd6 46. Bxc6 bxc6 47. Rg7+ Ke6 48. Rxa7 Nb5 49. Ra6 Kd5 50. Ra5 Ke4 51. Rxb5 cxb5 52. Ke2 f4 53. f3+ Kd5 54. Kd1 1-0

[Event "American Continental 06th"]
[Site "Sao Paulo"]
[Date "2009.08.02"]
[Round "10"]
[White "Moyses Fo, Joao"]
[Black "Cardoso, Cicero Assuncao Jr"]
[Result "0-1"]
[WhiteElo "2118"]
[BlackElo "1888"]
[PlyCount "132"]
[EventDate "2009.07.25"]
[EventType "swiss"]
[EventRounds "11"]
[EventCountry "BRA"]
[SourceTitle "EXT 2022"]
[Source "ChessBase"]
[SourceDate "2021.10.06"]
[SourceVersion "1"]
[SourceVersionDate "2021.10.06"]
[SourceQuality "1"]

1. e4 c5 2. Nf3 e6 3. Nc3 a6 4. g3 b5 5. Bg2 Bb7 6. d3 Qc7 7. 0-0 Ne7 8. a4 b4 9. Ne2 a5 10. b3 Ng6 11. Bb2 Nc6 12. Qd2 e5 13. c3 Be7 14. cxb4 axb4 15. h4 h5 16. Rac1 Qb6 17. Bh3 d6 18. Ng5 Bc8 19. Kh2 Bxh3 20. Kxh3 Qc7 21. f4 f6 22. Ne6 Qd7 23. f5 Rh7 24. d4 exd4 25. N2xd4 Nf8 26. Nxf8 Bxf8 27. Nxc6 Qxc6 28. Qxb4 Qd7 29. Qc4 Rh8 30. Rcd1 Qc8 31. Rfe1 Be7 32. Kh2 Rb8 33. Qd5 Qb7 34. Qe6 Qxb3 35. Qxb3 Rxb3 36. Re2 Kf7 37. Ra1 Ra8 38. Bc1 Bd8 39. Bf4 Ke7 40. Kg2 Ba5 41. Rd1 Ra6 42. Ra2 c4 43. Rc1 c3 44. Rcc2 Rc6 45. Kf3 Rc4 46. Re2 Rbb4 47. Bc1 Rxa4 48. Rxa4 Rxa4 49. Rc2 Kd7 50. Ke3 d5 51. exd5 Kd6 52. Re2 Kxd5 53. Kd3 Rd4+ 54. Kc2 Re4 55. Rf2 Kc4 56. Bf4 Kd5 57. Bc1 Ra4 58. Kb3 Rb4+ 59. Kc2 Re4 60. Ba3 Rg4 61. Rf3 Ke4 62. Rd3 Bc7 63. Bf8 Be5 64. Rd7 Rxg3 65. Rxg7 Rxg7 66. Bxg7 Kxf5 0-1

[Event "American Continental 06th"]
[Site "Sao Paulo"]
[Date "2009.07.26"]
[Round "2"]
[White "Da Costa, Alex Luiz"]
[Black "Moyses Fo, Joao"]
[Result "0-1"]
[WhiteElo "1897"]
[BlackElo "2118"]
[PlyCount "68"]
[EventDate "2009.07.25"]
[EventType "swiss"]
[EventRounds "11"]
[EventCountry "BRA"]
[SourceTitle "CBM 132 Extra"]
[Source "ChessBase"]
[SourceDate "2009.11.03"]
[SourceVersion "1"]
[SourceVersionDate "2009.11.03"]
[SourceQuality "1"]

1. d4 d5 2. c4 e6 3. Nc3 Nf6 4. Nf3 Nbd7 5. a3 c6 6. cxd5 exd5 7. Bg5 Be7 8. e3 Ne4 9. Bxe7 Qxe7 10. Bd3 f5 11. 0-0 0-0 12. Nd2 Ndf6 13. Qc2 Ng4 14. h3 Ngf6 15. Rfe1 Be6 16. Nf1 Rae8 17. Na4 Bc8 18. b4 a6 19. Nc5 Nh5 20. a4 f4 21. Nxe4 dxe4 22. Bc4+ Kh8 23. exf4 Nxf4 24. Re3 Qxb4 25. Rb1 Qd6 26. Rd1 Nd5 27. Rg3 Qf4 28. Ne3 Qxg3 29. fxg3 Nxe3 30. Qe2 Nxd1 31. Qxd1 Be6 32. Be2 b5 33. Qc2 Bd5 34. Bg4 e3 0-1

[Event "American Continental 06th"]
[Site "Sao Paulo"]
[Date "2009.07.26"]
[Round "3"]
[White "Moyses Fo, Joao"]
[Black "Matsuura, Frederico"]
[Result "0-1"]
[WhiteElo "2118"]
[BlackElo "2303"]
[PlyCount "100"]
[EventDate "2009.07.25"]
[EventType "swiss"]
[EventRounds "11"]
[EventCountry "BRA"]
[SourceTitle "CBM 132 Extra"]
[Source "ChessBase"]
[SourceDate "2009.11.03"]
[SourceVersion "1"]
[SourceVersionDate "2009.11.03"]
[SourceQuality "1"]

1. e4 e6 2. Nf3 d5 3. exd5 exd5 4. d4 Bd6 5. Bd3 Nc6 6. c3 Bg4 7. 0-0 Qd7 8. a4 0-0-0 9. Na3 Nge7 10. Nb5 Ng6 11. Nxd6+ Qxd6 12. h3 Bd7 13. b4 Nf4 14. Bxf4 Qxf4 15. Re1 Rhe8 16. Qd2 Qf6 17. Qg5 Qxg5 18. Nxg5 f6 19. Nxh7 Rxe1+ 20. Rxe1 Rh8 21. b5 Nd8 22. Re7 Ne6 23. Rf7 Kd8 24. Bf5 Be8 25. Bxe6 Bxf7 26. Bxf7 Rxh7 27. Bxd5 Kc8 28. f4 Rh8 29. Kf2 a6 30. Kf3 Re8 31. Be4 Kb8 32. h4 Ka7 33. g4 Kb6 34. bxa6 bxa6 35. h5 Ka5 36. g5 fxg5 37. fxg5 Rf8+ 38. Kg4 Kxa4 39. Bd5 a5 40. h6 gxh6 41. gxh6 Rf2 42. h7 Rh2 43. Bg8 Ka3 44. d5 a4 45. Kf5 Kb2 46. Ke5 a3 47. d6 cxd6+ 48. Kxd6 Kxc3 49. Ke5 Rxh7 50. Bxh7 a2 0-1

[Event "American Continental 06th"]
[Site "Sao Paulo"]
[Date "2009.07.25"]
[Round "1"]
[White "Moyses Fo, Joao"]
[Black "Bachmann, Axel"]
[Result "0-1"]
[WhiteElo "2118"]
[BlackElo "2559"]
[PlyCount "66"]
[EventDate "2009.07.25"]
[EventType "swiss"]
[EventRounds "11"]
[EventCountry "BRA"]
[SourceTitle "CBM 132 Extra"]
[Source "ChessBase"]
[SourceDate "2009.11.03"]
[SourceVersion "1"]
[SourceVersionDate "2009.11.03"]
[SourceQuality "1"]

1. e4 g6 2. d4 Bg7 3. f4 d6 4. Nf3 c5 5. c3 cxd4 6. cxd4 Nf6 7. Bd3 0-0 8. Nc3 Nc6 9. 0-0 Bg4 10. Bb5 Qb6 11. Bxc6 bxc6 12. h3 Bxf3 13. Rxf3 Rab8 14. Kh1 Qa5 15. Rd3 Rfc8 16. Qe2 c5 17. e5 c4 18. Rg3 Nd5 19. Ne4 Qb6 20. Qd1 Rd8 21. Ng5 dxe5 22. fxe5 f6 23. Nxh7 Kxh7 24. Qg4 fxe5 25. dxe5 Bxe5 26. Rf3 Nf6 27. Qh4+ Kg8 28. Be3 Bd4 29. Bg5 Qe6 30. Re1 Qf7 31. b3 cxb3 32. axb3 Rxb3 33. Rf4 Be5 0-1

[Event "Sao Paulo op da Amizade"]
[Site "Sao Paulo"]
[Date "2008.08.30"]
[Round "8.13"]
[White "Gonzalez, Bolivar Ribeiro"]
[Black "Moyses Fo, Joao"]
[Result "1-0"]
[WhiteElo "2265"]
[BlackElo "2121"]
[PlyCount "53"]
[EventDate "2008.08.23"]
[EventType "swiss"]
[EventRounds "9"]
[EventCountry "BRA"]
[SourceTitle "EXT 2022"]
[Source "ChessBase"]
[SourceDate "2021.10.06"]
[SourceVersion "1"]
[SourceVersionDate "2021.10.06"]
[SourceQuality "1"]

1. e4 e5 2. d4 exd4 3. Qxd4 Nc6 4. Qe3 d6 5. Nc3 Nf6 6. Bd2 g6 7. 0-0-0 Bg7 8. Nge2 Be6 9. Nf4 Qd7 10. Bb5 a6 11. Bxc6 Qxc6 12. Ncd5 Qd7 13. Qc3 Nxe4 14. Qxg7 0-0-0 15. Qd4 Nxd2 16. Rxd2 Kb8 17. Re1 Bxd5 18. Nxd5 Rhe8 19. Rde2 Qb5 20. c4 Qa4 21. b3 Rxe2 22. Rxe2 Qa5 23. Kb2 c6 24. b4 c5 25. bxa5 cxd4 26. Re7 Rc8 27. Nb6 1-0

[Event "Sao Paulo op da Amizade"]
[Site "Sao Paulo"]
[Date "2008.08.27"]
[Round "5.7"]
[White "Moyses Fo, Joao"]
[Black "Aranha Filho, Alvaro Zimmermann"]
[Result "0-1"]
[WhiteElo "2121"]
[BlackElo "2291"]
[PlyCount "128"]
[EventDate "2008.08.23"]
[EventType "swiss"]
[EventRounds "9"]
[EventCountry "BRA"]
[SourceTitle "EXT 2022"]
[Source "ChessBase"]
[SourceDate "2021.10.06"]
[SourceVersion "1"]
[SourceVersionDate "2021.10.06"]
[SourceQuality "1"]

1. d4 Nf6 2. c4 e6 3. Nc3 Bb4 4. e3 0-0 5. Bd3 d5 6. a3 Bxc3+ 7. bxc3 c5 8. Nf3 dxc4 9. Bxc4 Nc6 10. 0-0 Qc7 11. Ba2 e5 12. h3 b6 13. Bb2 Ba6 14. Re1 e4 15. Nh2 c4 16. Qe2 Na5 17. Rad1 Bb5 18. Nf1 Ba4 19. Rc1 Rac8 20. Ng3 Rfe8 21. Rf1 Bd7 22. Bb1 Bc6 23. Rce1 Bd5 24. Nh5 Re6 25. Nf4 Ree8 26. Nxd5 Nxd5 27. f3 f5 28. fxe4 fxe4 29. Rf5 Nf6 30. Ref1 Qg3 31. R1f4 Kh8 32. Bc2 Nc6 33. Qf2 Qxf2+ 34. Rxf2 Ne7 35. Re5 Ned5 36. Rxe8+ Rxe8 37. Re2 b5 38. Kf2 a5 39. Ke1 h5 40. Kd2 g6 41. Rf2 Kg7 42. Bd1 Nb6 43. Bc1 Nfd5 44. Kc2 b4 45. cxb4 axb4 46. axb4 Nxb4+ 47. Kb1 N6d5 48. Bb2 Rb8 49. Re2 c3 50. Ba3 c2+ 51. Rxc2 Nxc2+ 52. Kxc2 Nxe3+ 53. Kc1 Nxd1 54. Kxd1 Rb3 55. Bd6 Kf6 56. Be5+ Ke6 57. g3 Kd5 58. Kd2 e3+ 59. Kc2 e2 60. Kd2 Rb2+ 61. Ke1 Ke4 62. Kf2 Kd3 63. d5 e1Q+ 64. Kxe1 Re2+ 0-1

[Event "Sao Paulo op da Amizade"]
[Site "Sao Paulo"]
[Date "2008.08.24"]
[Round "2.7"]
[White "Moyses Fo, Joao"]
[Black "Trois, Francisco R Torres"]
[Result "1-0"]
[WhiteElo "2121"]
[BlackElo "2359"]
[PlyCount "131"]
[EventDate "2008.08.23"]
[EventType "swiss"]
[EventRounds "9"]
[EventCountry "BRA"]
[SourceTitle "EXT 2022"]
[Source "ChessBase"]
[SourceDate "2021.10.06"]
[SourceVersion "1"]
[SourceVersionDate "2021.10.06"]
[SourceQuality "1"]

1. e4 e5 2. Nf3 Nc6 3. Bc4 Nf6 4. Nc3 Bc5 5. d3 d6 6. Bg5 h6 7. Bh4 Be6 8. Nd5 Bxd5 9. Bxd5 g5 10. Nxg5 Nxd5 11. Qh5 Qf6 12. Nf3 Qg6 13. Qxg6 fxg6 14. exd5 Nb4 15. 0-0-0 g5 16. Bg3 Nxd5 17. d4 exd4 18. Nxd4 Bxd4 19. Rxd4 Nf6 20. h4 Kd7 21. c4 Rae8 22. c5 d5 23. hxg5 hxg5 24. Rxh8 Rxh8 25. Be5 Rh1+ 26. Kc2 Ne4 27. f3 Nxc5 28. Rxd5+ Kc6 29. Rd2 Ne6 30. Bg3 b5 31. Kd3 Rh7 32. Ke4 Rf7 33. Ke5 Nf4 34. Bxf4 gxf4 35. b4 Kb6 36. a3 a5 37. Rd8 axb4 38. axb4 Rg7 39. Rd2 Rf7 40. Rc2 Rf8 41. Ke6 Rd8 42. Ke5 Rf8 43. Rd2 Rf7 44. Ke6 Rf8 45. Ke7 Rf5 46. Ke6 Rf8 47. Ke5 Rf7 48. Ke4 Rf6 49. Rc2 Rf7 50. Rc1 Rf6 51. Ke5 Rf8 52. Rh1 Rg8 53. Rh2 c5 54. Rh6+ Kc7 55. bxc5 Rxg2 56. Rb6 Rc2 57. Rxb5 Kc6 58. Ra5 Rc4 59. Ra6+ Kxc5 60. Rf6 Rc3 61. Kxf4 Kd5 62. Kg4 Ke5 63. Ra6 Rc8 64. f4+ Ke4 65. Re6+ Kd5 66. f5 1-0

[Event "Sao Paulo op da Amizade"]
[Site "Sao Paulo"]
[Date "2008.08.23"]
[Round "1.30"]
[White "Ferreira, Jonas de Vargas"]
[Black "Moyses Fo, Joao"]
[Result "0-1"]
[WhiteElo "1728"]
[BlackElo "2121"]
[PlyCount "70"]
[EventDate "2008.08.23"]
[EventType "swiss"]
[EventRounds "9"]
[EventCountry "BRA"]
[SourceTitle "EXT 2022"]
[Source "ChessBase"]
[SourceDate "2021.10.06"]
[SourceVersion "1"]
[SourceVersionDate "2021.10.06"]
[SourceQuality "1"]

1. e4 e5 2. Nf3 Nc6 3. Bb5 Bc5 4. 0-0 Nge7 5. c3 a6 6. Ba4 b5 7. Bb3 d5 8. exd5 Nxd5 9. Qe2 0-0 10. Qe4 Nce7 11. Nxe5 Bf5 12. Qh4 f6 13. Nf3 g5 14. Nxg5 fxg5 15. Qxg5+ Kh8 16. d4 Bd6 17. Bxd5 Nxd5 18. Qxd8 Raxd8 19. Re1 Rde8 20. Be3 Bf4 21. Na3 Nxe3 22. fxe3 Bxe3+ 23. Kh1 Bg5 24. Rf1 Bd3 25. Rxf8+ Rxf8 26. Rd1 Rf1+ 27. Rxf1 Bxf1 28. Nc2 Bc1 29. Nb4 a5 30. Nd5 Bxb2 31. Nxc7 Bxc3 32. d5 Be5 33. Ne8 Bc4 34. d6 Be6 35. Nc7 Bd7 0-1

[Event "Itau Cup 8th"]
[Site "Sao Paulo"]
[Date "2004.10.02"]
[Round "9"]
[White "Lebredo Zaragoitia, Gerardo"]
[Black "Moyses Fo, Joao"]
[Result "1/2-1/2"]
[WhiteElo "2285"]
[BlackElo "2138"]
[PlyCount "161"]
[EventDate "2004.09.04"]
[EventType "swiss"]
[EventRounds "9"]
[EventCountry "BRA"]
[SourceTitle "CBM 102 Extra"]
[Source "ChessBase"]
[SourceDate "2004.11.03"]
[SourceVersion "1"]
[SourceVersionDate "2004.11.03"]
[SourceQuality "1"]

1. Nf3 d5 2. e3 Nf6 3. c4 c6 4. b3 g6 5. Bb2 Bg7 6. Be2 0-0 7. 0-0 Nbd7 8. Qc2 Ne4 9. d3 Nd6 10. Bxg7 Kxg7 11. e4 dxe4 12. dxe4 e5 13. Rd1 Qe7 14. Nc3 f6 15. Rd2 Nf7 16. a3 Re8 17. b4 Nf8 18. c5 Bg4 19. Rad1 Rad8 20. Rxd8 Rxd8 21. Ne1 Bc8 22. Bc4 Ng5 23. Rxd8 Qxd8 24. Qd3 Qxd3 25. Nxd3 Nfe6 26. h4 Nf7 27. Ne2 Nfd8 28. Kf1 Kh6 29. g3 Kg7 30. Ke1 Nf7 31. Kd2 g5 32. hxg5 fxg5 33. g4 Kf6 34. f3 Nh6 35. Bxe6 Bxe6 36. Ng3 Nxg4 37. fxg4 Bxg4 38. Ke3 Be6 39. Kf3 g4+ 40. Kf2 Bc4 41. Nh5+ Kg5 42. Nxe5 Bb3 43. Ng3 h5 44. Nd3 h4 45. Ne2 Bc2 46. Nec1 g3+ 47. Kf3 Bd1+ 48. Kg2 Kg4 49. Ne5+ Kf4 50. Ng6+ Kg4 51. Nxh4 Kxh4 52. e5 Bg4 53. Nd3 Bh3+ 54. Kf3 g2 55. Kf2 Kg5 56. e6 Bxe6 57. Kxg2 Bf5 58. Nb2 Kf4 59. Nc4 Bd7 60. Kf2 Ke4 61. Nd6+ Kd3 62. Nxb7 Kc3 63. Ke3 Kb3 64. Kd4 Kxa3 65. Kc3 Ka4 66. Na5 Kb5 67. Nb3 Be8 68. Nd4+ Ka4 69. Nb3 Kb5 70. Na5 Bd7 71. Kb3 Be6+ 72. Ka3 Bd5 73. Nb7 Bf3 74. Nd6+ Ka6 75. Kb3 Bg2 76. Kc3 Bf3 77. Kd4 Bg2 78. Ke5 Bh1 79. Ke6 Bg2 80. Kd7 Bh1 81. Kc7 1/2-1/2

[Event "Sao Paulo CXSP op"]
[Site "Sao Paulo"]
[Date "2004.05.10"]
[Round "5"]
[White "De Souza, Mauro Guimaraes"]
[Black "Moyses Fo, Joao"]
[Result "1/2-1/2"]
[WhiteElo "2383"]
[BlackElo "2094"]
[PlyCount "79"]
[EventDate "2004.05.07"]
[EventType "swiss"]
[EventRounds "9"]
[EventCountry "BRA"]
[SourceTitle "CBM 100 Extra"]
[Source "ChessBase"]
[SourceDate "2004.07.06"]
[SourceVersion "2"]
[SourceVersionDate "2004.07.06"]
[SourceQuality "1"]

1. d4 d5 2. c4 e6 3. Nc3 Nf6 4. Nf3 c6 5. e3 Nbd7 6. Bd3 Bd6 7. 0-0 Bb8 8. e4 dxe4 9. Nxe4 e5 10. Nxf6+ gxf6 11. Bh6 exd4 12. Re1+ Ne5 13. Nxe5 fxe5 14. Bg7 Rg8 15. Bxe5 Bxe5 16. Rxe5+ Be6 17. Qh5 Qf6 18. Rae1 0-0-0 19. Ra5 a6 20. g3 h6 21. Qe5 Qxe5 22. Raxe5 b6 23. Rh5 Rh8 24. Re4 Kc7 25. Reh4 Bxc4 26. Bxc4 d3 27. Bxd3 Rxd3 28. Rxh6 Rxh6 29. Rxh6 Rd2 30. h4 Rxb2 31. h5 Rb5 32. g4 Rg5 33. f3 c5 34. Rf6 c4 35. Rxf7+ Kd6 36. Kf2 c3 37. Ke2 Rd5 38. Rf6+ Kc7 39. Rf7+ Kc6 40. Rf8 1/2-1/2

[Event "Sao Paulo Communic 1st"]
[Site "Sao Paulo"]
[Date "2004.02.05"]
[Round "2"]
[White "Carvalho, Herbert Abreu"]
[Black "Moyses Fo, Joao"]
[Result "1-0"]
[WhiteElo "2175"]
[BlackElo "2067"]
[PlyCount "71"]
[EventDate "2004.02.04"]
[EventType "tourn"]
[EventRounds "9"]
[EventCountry "BRA"]
[EventCategory "2"]
[SourceTitle "CBM 098 Extra"]
[Source "ChessBase"]
[SourceDate "2004.03.10"]
[SourceVersion "2"]
[SourceVersionDate "2004.03.10"]
[SourceQuality "1"]

1. Nf3 Nf6 2. d4 d5 3. c4 e6 4. g3 c6 5. Nbd2 Bb4 6. Qc2 Qa5 7. Bg2 Ne4 8. 0-0 f5 9. Nb3 Qd8 10. c5 0-0 11. Ne5 Nd7 12. Nd3 Ba5 13. Nxa5 Qxa5 14. f3 Nef6 15. b4 Qd8 16. a4 h6 17. Bf4 Ne8 18. e4 dxe4 19. fxe4 Ndf6 20. Be5 Ng4 21. Qe2 Nxe5 22. dxe5 Qd4+ 23. Kh1 Nc7 24. Rad1 a5 25. Rb1 Na6 26. exf5 Nxb4 27. Nxb4 axb4 28. f6 Qxc5 29. Rbc1 Qa5 30. fxg7 Rxf1+ 31. Rxf1 Qc7 32. Qh5 Qe7 33. Rf6 Rxa4 34. h4 b3 35. Qxh6 Qxg7 36. Rg6 1-0

[Event "Sao Paulo Communic 1st"]
[Site "Sao Paulo"]
[Date "2004.02.05"]
[Round "3"]
[White "Moyses Fo, Joao"]
[Black "Braghini, Erlon Cezar"]
[Result "1/2-1/2"]
[WhiteElo "2067"]
[BlackElo "2130"]
[PlyCount "109"]
[EventDate "2004.02.04"]
[EventType "tourn"]
[EventRounds "9"]
[EventCountry "BRA"]
[EventCategory "2"]
[SourceTitle "CBM 098 Extra"]
[Source "ChessBase"]
[SourceDate "2004.03.10"]
[SourceVersion "2"]
[SourceVersionDate "2004.03.10"]
[SourceQuality "1"]

1. e4 c6 2. d4 d5 3. e5 Bf5 4. Nf3 e6 5. Be2 Nd7 6. 0-0 Ne7 7. c3 c5 8. Na3 Nc6 9. Nc2 Be7 10. h3 0-0 11. Bd3 Bxd3 12. Qxd3 cxd4 13. cxd4 Rc8 14. a3 Qc7 15. Ne3 Nb6 16. Bd2 Nc4 17. Nxc4 dxc4 18. Qxc4 Nxe5 19. Nxe5 Qxc4 20. Nxc4 Rxc4 21. Rac1 Rfc8 22. Rxc4 Rxc4 23. Rc1 Rxc1+ 24. Bxc1 Bf6 25. Be3 Kf8 26. Kf1 Ke7 27. Ke2 Kd6 28. Kd3 Kd5 29. b3 a6 30. f3 Be7 31. a4 Bh4 32. Bd2 Bf2 33. Be3 Bxe3 34. Kxe3 a5 35. h4 e5 36. dxe5 Kxe5 37. g4 f6 38. f4+ Kd5 39. h5 h6 40. Kd3 b6 41. Ke3 Kc5 42. Ke4 Kb4 43. Kf5 Kxb3 44. Kg6 Kxa4 45. Kxg7 b5 46. Kxh6 b4 47. Kg7 b3 48. h6 b2 49. h7 b1Q 50. h8Q Qb7+ 51. Kh6 Qh1+ 52. Kg7 Qb7+ 53. Kh6 Qh1+ 54. Kg7 Qb7+ 55. Kh6 1/2-1/2